000 00408nam a2200169Ia 4500
999 _c31796
_d31796
003 OSt
005 20260617170701.0
008 250310s9999||||xx |||||||||||||| ||und||
040 _c.
082 _a891.43
_bG973
100 _96057
_aGulzar
245 0 _aRaavi paar aur annya kahaniyaan /
_cGulzar
260 _aNew Delhi :
_bRupa and company,
_c1999.
300 _a171 p.
942 _cBK
_2ddc
041 _ahin